[Event "Seniorenkampioenschap 2014"]
[Site "Oosterbeek, Netherlands"]
[Date "2014.07.11"]
[Round "7"]
[White "Van Leeuwen, Etienne"]
[Black "Viergever, Max"]
[Result "1-0"]
[WhiteElo "2013"]
[BlackElo "2081"]
[PlyCount "83"]
[EventDate "2014.??.??"]

1. e4 d5 2. exd5 Nf6 3. d4 Nxd5 4. Nf3 Bg4 5. c4 Nf6 6. Be2 e6 7. O-O Be7 8. h3
Bh5 9. Nc3 O-O 10. Be3 c6 11. g4 Bg6 12. Ne5 Nbd7 13. Nxg6 hxg6 14. Bf3 Qc7 15.
Qe2 Bb4 16. Rac1 Nb6 17. Rfd1 Rad8 18. Bg5 Bxc3 19. Rxc3 Rd7 20. b3 Rfd8 21.
Rcd3 e5 22. dxe5 Rxd3 23. Rxd3 Rxd3 24. Qxd3 Qxe5 25. Bxf6 gxf6 26. Kg2 Kg7 27.
Qd2 a5 28. Qd8 Qc5 29. Qc7 Qb4 30. Qxb7 c5 31. Bc6 Kf8 32. a3 Qxb3 33. Bd5 Ke8
34. Qxf7+ Kd8 35. Qxf6+ Kc8 36. Qf8+ Kd7 37. Qxc5 Nxd5 38. cxd5 Qd3 39. Qc6+
Ke7 40. d6+ Ke6 41. Qe8+ Kf6 42. Qe7# 1-0

[Event "Seniorenkampioenschap 2014"]
[Site "Oosterbeek, Netherlands"]
[Date "2014.07.11"]
[Round "7"]
[White "Van Wageningen, Arie"]
[Black "Lootsma, Jan"]
[Result "1/2-1/2"]
[WhiteElo "2079"]
[BlackElo "1991"]
[PlyCount "77"]
[EventDate "2014.??.??"]

1. Nf3 e6 2. c4 d5 3. g3 Nf6 4. d4 Be7 5. Bg2 O-O 6. O-O b6 7. Nc3 Bb7 8. cxd5
exd5 9. Qa4 a6 10. Rd1 Nbd7 11. Ne5 b5 12. Qb3 Nb6 13. Bg5 h6 14. Bxf6 Bxf6 15.
a4 c6 16. e4 Bxe5 17. dxe5 d4 18. e6 Qf6 19. Ne2 fxe6 20. f4 c5 21. axb5 c4 22.
Qb4 d3 23. e5 Qf7 24. Nc3 Bxg2 25. Kxg2 Qb7+ 26. Kg1 axb5 27. Rxa8 Rxa8 28.
Qxb5 Qa7 29. Kg2 Qc7 30. Rd2 Qb7+ 31. Kf2 Rb8 32. Kg1 Qf3 33. Qc5 Nd5 34. Nd1
Ra8 35. Qxc4 Ne3 36. Qxd3 Ra1 37. Qd8+ Kh7 38. Qd3+ Kg8 39. Qd8+ 1/2-1/2

[Event "Seniorenkampioenschap 2014"]
[Site "Oosterbeek, Netherlands"]
[Date "2014.07.11"]
[Round "7"]
[White "Smeets, Pierre"]
[Black "Hoynck van Papendrecht, Fr"]
[Result "1/2-1/2"]
[WhiteElo "2043"]
[BlackElo "2074"]
[PlyCount "132"]
[EventDate "2014.??.??"]

1. d4 c5 2. d5 d6 3. Nc3 e5 4. e4 Be7 5. Bb5+ Bd7 6. Be2 a6 7. a4 Bg5 8. Nf3
Bxc1 9. Qxc1 Nh6 10. Qg5 Qxg5 11. Nxg5 b6 12. O-O Ke7 13. Rae1 f6 14. Nf3 Nf7
15. Nd2 Bc8 16. Nc4 Nd7 17. Bg4 Rb8 18. Ra1 h5 19. Be6 Nd8 20. Ne3 g6 21. Rfd1
Nf8 22. Nc4 Bd7 23. Rd3 b5 24. axb5 axb5 25. Ne3 b4 26. Ncd1 Nfxe6 27. dxe6
Bxe6 28. c3 f5 29. exf5 gxf5 30. cxb4 f4 31. bxc5 fxe3 32. cxd6+ Kd7 33. fxe3
Nc6 34. Rc1 Rb3 35. Rcc3 Rhb8 36. Kf2 e4 37. Rxb3 Bxb3 38. Rd2 Bxd1 39. Rxd1
Rxb2+ 40. Kg3 Re2 41. Kf4 Rxg2 42. Kxe4 Rxh2 43. Kf5 h4 44. e4 Re2 45. Rh1 Nd4+
46. Kf4 Ne6+ 47. Kf3 Ra2 48. Rxh4 Kxd6 49. Rh5 Ra3+ 50. Kg4 Re3 51. Rd5+ Ke7
52. Re5 Re1 53. Kf5 Rf1+ 54. Kg4 Rg1+ 55. Kf3 Kf6 56. Rf5+ Kg6 57. Ra5 Ng5+ 58.
Kf4 Rf1+ 59. Ke5 Re1 60. Ra4 Nf7+ 61. Ke6 Nd8+ 62. Ke5 Nb7 63. Rc4 Nd8 64. Ra4
Nf7+ 65. Ke6 Ng5+ 66. Ke5 Nxe4 1/2-1/2

[Event "Seniorenkampioenschap 2014"]
[Site "Oosterbeek, Netherlands"]
[Date "2014.07.11"]
[Round "7"]
[White "Etmans, Maarten"]
[Black "Mostertman, Loek"]
[Result "1-0"]
[WhiteElo "1979"]
[BlackElo "1901"]
[PlyCount "61"]
[EventDate "2014.??.??"]

1. e4 e5 2. d3 d5 3. exd5 Qxd5 4. Nc3 Bb4 5. a3 Bxc3+ 6. bxc3 Nf6 7. Bg5 Be6 8.
c4 Qd7 9. Rb1 c6 10. Nf3 Qc7 11. Be2 Nbd7 12. O-O h6 13. Bd2 g5 14. Bc3 g4 15.
Nh4 O-O-O 16. Re1 Rhg8 17. Bf1 Nh5 18. g3 f6 19. Qe2 Nf8 20. Qe3 Kb8 21. Bg2
Ng6 22. Nxg6 Rxg6 23. Qe4 Qf7 24. Qxc6 Bc8 25. Bd5 Qg7 26. Be4 f5 27. Bxe5+
Qxe5 28. Rxb7+ Ka8 29. Rb5+ Rxc6 30. Bxc6+ Bb7 31. Bxb7+ 1-0

[Event "Seniorenkampioenschap 2014"]
[Site "Oosterbeek, Netherlands"]
[Date "2014.07.11"]
[Round "7"]
[White "Landsbergen, Ron"]
[Black "Burer, Audry"]
[Result "1/2-1/2"]
[WhiteElo "1977"]
[BlackElo "1922"]
[PlyCount "40"]
[EventDate "2014.??.??"]

1. e4 c5 2. Nc3 e6 3. g3 d5 4. exd5 exd5 5. Bg2 Nf6 6. Nge2 d4 7. Ne4 Nxe4 8.
Bxe4 Bd6 9. O-O O-O 10. d3 Nc6 11. Nf4 f5 12. Bg2 Bxf4 13. Bxf4 Be6 14. c4 dxc3
15. bxc3 Bd5 16. Bg5 Qd7 17. Bxd5+ Qxd5 18. Qb3 Qxb3 19. axb3 Rfe8 20. Rfe1 Kf7
1/2-1/2

[Event "Seniorenkampioenschap 2014"]
[Site "Oosterbeek, Netherlands"]
[Date "2014.07.11"]
[Round "7"]
[White "Wagenaar, Harm Theo"]
[Black "Goossen, Theo"]
[Result "1-0"]
[WhiteElo "1970"]
[BlackElo "1970"]
[PlyCount "63"]
[EventDate "2014.??.??"]

1. c4 e6 2. g3 d5 3. Bg2 c6 4. Qc2 Nd7 5. Nf3 Bd6 6. d4 f5 7. O-O Ngf6 8. b3
Qe7 9. Bb2 b6 10. Nc3 Bb7 11. cxd5 Nxd5 12. e4 Nb4 13. Qd2 O-O 14. a3 Na6 15.
e5 Bc7 16. b4 Rad8 17. Qg5 Qf7 18. Nd2 Rb8 19. b5 cxb5 20. Bxb7 Rxb7 21. Nxb5
h6 22. Qe3 g5 23. Nc4 f4 24. Qf3 Rbb8 25. Ncd6 Qg7 26. Qg4 Qg6 27. h4 Bxd6 28.
Nxd6 Nc7 29. h5 Qc2 30. Rac1 Qxb2 31. Rxc7 Nxe5 32. Qxe6+ 1-0

[Event "Seniorenkampioenschap 2014"]
[Site "Oosterbeek, Netherlands"]
[Date "2014.07.11"]
[Round "7"]
[White "Thieme, Wim"]
[Black "Scheeren, Fred"]
[Result "0-1"]
[WhiteElo "1927"]
[BlackElo "1941"]
[PlyCount "84"]
[EventDate "2014.??.??"]

1. e4 c5 2. Nf3 Nc6 3. d4 cxd4 4. Nxd4 Nf6 5. Nc3 d6 6. Be2 e5 7. Nb3 Be7 8.
O-O O-O 9. Bg5 Nxe4 10. Bxe7 Nxc3 11. Bxd8 Nxd1 12. Bc7 Nxb2 13. Bxd6 Rd8 14.
Ba3 Na4 15. Bb5 Nb6 16. Rfe1 Bf5 17. Nc5 Nd4 18. Rxe5 Nxb5 19. Nxb7 Nxa3 20.
Nxd8 Rxd8 21. Rxf5 Nxc2 22. Rc1 g6 23. Rf4 Nd4 24. Kf1 Ne6 25. Rf3 Kg7 26. Ra3
Rd7 27. g3 Re7 28. Rcc3 Nd4 29. Re3 Rc7 30. Rac3 Rb7 31. Rc5 Ne6 32. Rb5 Rc7
33. Rbb3 Nc4 34. Re2 Nd4 35. Rc3 Nxe2 36. Kxe2 Kf6 37. f4 Ke6 38. Rc2 f5 39.
Kd3 Kd5 40. h3 Rc6 41. g4 fxg4 42. hxg4 Ne5+ 0-1